Κατάλογος Βιβλιοθηκών Mediterranean College

Μεθοδολογία, Τεχνικές και Θεωρία για Οικονομοτεχνικές Μελέτες / Μελέτες Σκοπιμότητας - Επιχειρηματικά Σχέδια - Μελέτες Περιβαλλοντικών Επιπτώσεων - Μελέτες Εντοπισμού Επενδυτικών Ευκαιριών (Record no. 5828)

MARC details
000 -LEADER
fixed length control field 03055cam a22001934a 4500
005 - ΗΜΕΡΟΜΗΝΙΑ ΚΑΙ ΩΡΑ ΤΕΛΕΥΤΑΙΑΣ ΕΝΗΜΕΡΩΣΗΣ
Πεδίο ελέγχου 20250605164223.0
008 - FIXED-LENGTH DATA ELEMENTS--GENERAL INFORMATION
Πεδίο ελέγχου σταθερού μήκους 250528s ||||||||||||||||||||||||d
035 ## - SYSTEM CONTROL NUMBER
System control number 20744
020 ## - ISBN
ISBN 9603515876
040 ## - ΠΗΓΗ ΚΑΤΑΛΟΓΟΓΡΑΦΗΣΗΣ
Φορέας πρωτότυπης καταλογογράφησης MC Athens Campus Library
Γλώσσα καταλογογράφησης Ελληνικά, Μοντέρνα (1453-)
Modifying agency MC Athens Campus Library
Κανόνες περιγραφικής καταλογογράφησης AACR2
245 1# - ΤΙΤΛΟΣ ΚΑΙ ΔΗΛΩΣΗ ΥΠΕΥΘΥΝΟΤΗΤΑΣ
Τίτλος Μεθοδολογία, Τεχνικές και Θεωρία για Οικονομοτεχνικές Μελέτες / Μελέτες Σκοπιμότητας - Επιχειρηματικά Σχέδια - Μελέτες Περιβαλλοντικών Επιπτώσεων - Μελέτες Εντοπισμού Επενδυτικών Ευκαιριών
260 ## - PUBLICATION, DISTRIBUTION, ETC.
Name of publisher, distributor, etc. Σταμούλης Α,
Date of publication, distribution, etc. 2006
300 ## - PHYSICAL DESCRIPTION
Extent 1000
520 ## - SUMMARY, ETC.
Summary, etc. Το παρόν βιβλίο παρέχει άμεση πρόσβαση στη σύγχρονη μεθοδολογία και τις τεχνικές εκπόνησης οικονομοτεχνικών μελετών, αποσκοπώντας στη βήμα προς βήμα καθοδήγηση ακόμα και των μη καταρτισμένων στα οικονομικά (τεχνικοί, πολιτικοί, νομικοί, μηχανικοί) σε σωστά συμπεράσματα και σε συγκεκριμένες ενέργειες σε όλα τα στάδια εκπόνησης τους. Πρόλογος, Οικονομοτεχνικές Μελέτες, Επιχειρηματικότητα και Νέες Επιχειρηματικές Δραστηριότητες, Ορισμοί, Η Επενδυτική Αλυσίδα και ο Τύποι των Προεπενδυτκών Μελετών, Βασικά Θέματα Προεπενδυτκών Μελετών, Οι Εναλλακτικές Λύσεις, Η Εκπόνηση των Μελετών, Επενδυτικά Σχέδια Αποκαταστάσεως και Επεκτάσεως και Αντικαταστάσεως, Επιχειρηματικά Σχέδια, Η Επενδυτική Αλυσίδα και οι Τύποι των Προεπενδυτικών Μελετών, Βασικά Θέματα Προεπενδυτκών Μελετών, Οι Εναλλακτικές Λύσεις, Η Εκπόνησης των Μελετών, Επενδυτικά Σχέδια Αποκαταστάσεως και Επεκτάσεως και Αντικαταστάσεως, Επιχειρηματικά Σχέδια, Οικονομοτεχνικές Μελέτες και Πληροφορική, Πηγές Πληροφοριών για Οικονομοτεχνικές Μελέτες, Μερικές Βασικές Οδηγίες για τη Συγγραφή και Παρουσίαση μιας Μελέτης, Η Μελέτη Σκοπιμότητας, Πρώτες Ύλες και άλλα Εφόδια, Μηχανολογικά και Τεχνολογία, Οι Ανθρώπινοι Πόροι, Προτεινόμενη Βιβλιογραφία, Παράρτημα.
700 1# - ΠΡΟΣΘΕΤΗ ΑΝΑΓΡΑΦΗ--ΦΥΣΙΚΟ ΠΡΟΣΩΠΟ
Personal name Καρβούνης Σωτήρης
9 (RLIN) 2938
942 ## - ADDED ENTRY ELEMENTS (KOHA)
Koha item type Books
Holdings
Τύπος τεκμηρίου Βιβλιοθήκη Τρέχουσα τοποθεσία Barcode Αριθμός εισαγωγής Ημερομηνία απόκτησης Ταξιθετικό σύμβολο Αριθμός αντιτύπου Κατάσταση απόσυρσης Κατάσταση χαμένου Κατάσταση κατεστραμμένου Μη δανεισμός Σύνολο δανεισμών Ημερομηνία τελευταίας εμφάνισης Η τιμή ισχύει από
Books MC Athens Campus Library MC Athens Campus Library 9780000058270 7424 05/06/2025 658.4012 KAR 1           05/06/2025 05/06/2025

MC Athens Campus Library
Πατησίων 94 & Κοδριγκτώνος 13, 104 34
Πελλήνης 8 & Πατησίων 107, 112 51
Τ: +30 210 8899600

MC Thessaloniki Campus Library
Ίωνος Δραγούμη 21, 54625 | Ίωνος Δραγούμη 15, 54625
Τ: +30 2310 287779 – Τ: +30 2314 440300